Guía sobre buenas prácticas para los financiadores de las microfinanzas. directrices de consenso sobre microfinanzas / (Registro nro. 11898)

Detalles MARC
000 -LEADER
fixed length control field 01474nam a2200253Ia 4500
003 - CONTROL NUMBER IDENTIFIER
control field OSt
005 - DATE AND TIME OF LATEST TRANSACTION
control field 20210610095219.0
008 - FIXED-LENGTH DATA ELEMENTS--GENERAL INFORMATION
fixed length control field 110725s2006 xxua gr 00010 spa d
040 ## - CATALOGING SOURCE
Original cataloging agency CO-JMCR
Transcribing agency CO-JMCR
041 0# - LANGUAGE CODE
Language code of text/sound track or separate title spa
082 04 - DEWEY DECIMAL CLASSIFICATION NUMBER
Classification number 343.07 /
Item number G892g
Edition number 23
110 2# - MAIN ENTRY--CORPORATE NAME
Corporate name or jurisdiction name as entry element Grupo Consultivo de Ayuda a la Población más pobre :
Location of meeting (Washington)
9 (RLIN) 38276
245 10 - TITLE STATEMENT
Title Guía sobre buenas prácticas para los financiadores de las microfinanzas. directrices de consenso sobre microfinanzas /
Statement of responsibility, etc. Grupo Consultivo de Ayuda a la Población Pobre (CGAP).
260 ## - PUBLICATION, DISTRIBUTION, ETC.
Place of publication, distribution, etc. Washington :
Name of publisher, distributor, etc. Banco Mundial,
Date of publication, distribution, etc. 2006.
300 ## - PHYSICAL DESCRIPTION
Extent 49 páginas :
Other physical details ilustraciones y gráficas en blanco y negro ;
Dimensions 26 cm.
500 ## - GENERAL NOTE
General note
504 ## - BIBLIOGRAPHY, ETC. NOTE
Bibliography, etc. note Bibliografía : páginas 43-47.
505 0# - FORMATTED CONTENTS NOTE
Formatted contents note La visión de los sistemas financieros incluyentes. -- Conocimiento de las necesidades de los clientes de escasos recursos. -- Creación de los sistemas financieros incluyentes. -- Garantizar la eficiencia de los organismos de cooperación. -- Retos pendientes.
520 0# - SUMMARY, ETC.
Summary, etc. Lecciones aprendidas durante treinta años, traducidas en asesoramiento operativo para agencia de desarrollo, fundaciones, inversionistas sociales y comerciales, ONG internacionales y otras entidades que ayudan a establecer sistemas financieros que actúan en favor de los pobres.
650 14 - SUBJECT ADDED ENTRY--TOPICAL TERM
Topical term or geographic name entry element Financiadores
General subdivision practicas
9 (RLIN) 26750
650 24 - SUBJECT ADDED ENTRY--TOPICAL TERM
Topical term or geographic name entry element Microfinanzas
General subdivision practicas
9 (RLIN) 38277
650 24 - SUBJECT ADDED ENTRY--TOPICAL TERM
Topical term or geographic name entry element Guía
General subdivision Financiadores
9 (RLIN) 38278
942 ## - ADDED ENTRY ELEMENTS (KOHA)
Source of classification or shelving scheme Dewey Decimal Classification
Koha item type Books
Existencias
Withdrawn status Lost status Source of classification or shelving scheme Damaged status Not for loan Home library Current library Date acquired Full call number Barcode Date last seen Copy number Price effective from Koha item type
    Dewey Decimal Classification     Biblioteca Pública José María del Castillo y Rada Biblioteca Pública José María del Castillo y Rada 03/10/2021 343.07 / G892g 430003074 05/16/2024 Ej.1 03/10/2021 Books